Statistics for WW2 Dates Part#1

Click here to take the quiz!

General Stats

  • This quiz has been taken 154 times
  • The average score is 14 of 15

Answer Stats

Eventyear% Correct
Germany Invades Poland1939
100%
Operation Barbarossa1941
98%
U.S. At War1941
97%
Nagasaki1945
95%
France Surrenders1940
93%
Hitler Annexes Czechoslovakia1939
92%
Japan Joins Axis1940
92%
Italy Surrenders1943
92%
Roosevelt Dies1945
92%
Hitler Becomes Chancellor1933
91%
Molotov Ribbentrop pact1939
88%
Anschluss1938
87%
Italy Invades Ethiopia1935
86%
Japan Defeats China1937
83%
Anti-Comintern Pact1936
75%

Score Distribution

Percentile by Number Answered

Percent of People with Each Score

Your Score History

You have not taken this quiz